000 01088cam a22002774a 4500
999 _c127830
_d127830
001 11926847
003 ARRUPE
005 20180328110456.0
008 000301s2000 enka b 000 0 eng
010 _a 00028324
020 _a0195215931
040 _aDLC
_cDLC
_dDLC
042 _apcc
050 0 0 _aHD75
_b.Q35 2000
082 0 0 _a338.9
_221
100 _aThomas, Vinod
_941167
245 0 4 _aThe quality of growth /
_cVinod Thomas ... [et al.].
260 _aOxford ;
_bWorld Bank,
_c2000.
300 _axxxiv, 262 p. :
_bill. ;
_c23 cm.
504 _aIncludes bibliographical references (p. 233-262).
650 0 _aEconomic development.
_99273
650 0 _aSustainable development.
_94997
700 1 _aThomas, Vinod,
_d1949-
_941168
856 4 2 _3Publisher description
_uhttp://www.loc.gov/catdir/enhancements/fy0610/00028324-d.html
906 _a7
_bcbc
_corignew
_d1
_eocip
_f20
_gy-gencatlg
942 _2lcc
_cMONOGRAPH